MARC details
| 001 - CONTROL NUMBER |
| control field |
23976530 |
| 003 - CONTROL NUMBER IDENTIFIER |
| control field |
00000 |
| 005 - DATE AND TIME OF LATEST TRANSACTION |
| control field |
20251011171601.0 |
| 006 - FIXED-LENGTH DATA ELEMENTS--ADDITIONAL MATERIAL CHARACTERISTICS--GENERAL INFORMATION |
| fixed length control field |
m |o d | |
| 007 - PHYSICAL DESCRIPTION FIXED FIELD--GENERAL INFORMATION |
| fixed length control field |
cr ||||||||||| |
| 008 - FIXED-LENGTH DATA ELEMENTS--GENERAL INFORMATION |
| fixed length control field |
240826s2023 enk ob 001 0 eng |
| 010 ## - LIBRARY OF CONGRESS CONTROL NUMBER |
| LC control number |
2024725270 |
| 020 ## - INTERNATIONAL STANDARD BOOK NUMBER |
| International Standard Book Number |
9781032137711 |
| 020 ## - INTERNATIONAL STANDARD BOOK NUMBER |
| International Standard Book Number |
9781032137711 |
| 035 ## - SYSTEM CONTROL NUMBER |
| System control number |
23976530 |
| 040 ## - CATALOGING SOURCE |
| Original cataloging agency |
DLC |
| Language of cataloging |
eng |
| Description conventions |
rda |
| -- |
pn |
| Transcribing agency |
DLC |
| 043 ## - GEOGRAPHIC AREA CODE |
| Geographic area code |
e------ |
| -- |
fw----- |
| 050 00 - LIBRARY OF CONGRESS CALL NUMBER |
| Classification number |
JZ 6368 .R54 |
| 082 00 - DEWEY DECIMAL CLASSIFICATION NUMBER |
| Classification number |
341.4/8 |
| Edition number |
23/eng/20230105 |
| 100 1# - MAIN ENTRY--PERSONAL NAME |
| Personal name |
Rietveld, Jochem, |
| 245 10 - TITLE STATEMENT |
| Title |
Regional approaches to the responsibility to protect : |
| Remainder of title |
lessons from Europe and West Africa / |
| Statement of responsibility, etc |
Jochem Rietveld. |
| 264 #1 - PUBLICATION, DISTRIBUTION, ETC. (IMPRINT) |
| Place of publication, distribution, etc |
Abingdon, Oxon [UK] ; |
| -- |
New York, NY : |
| Name of publisher, distributor, etc |
Routledge, |
| Date of publication, distribution, etc |
2023. |
| 300 ## - PHYSICAL DESCRIPTION |
| Extent |
1 online resource (x, 176 pages) |
| 336 ## - CONTENT TYPE |
| Content type term |
text |
| Content type code |
txt |
| Source |
rdacontent |
| 337 ## - MEDIA TYPE |
| Media type term |
computer |
| Media type code |
c |
| Source |
rdamedia |
| 338 ## - CARRIER TYPE |
| Carrier type term |
online resource |
| Carrier type code |
cr |
| Source |
rdacarrier |
| 490 0# - SERIES STATEMENT |
| Series statement |
Global politics and the responsibility to protect |
| 504 ## - BIBLIOGRAPHY, ETC. NOTE |
| Bibliography, etc |
Includes bibliographical references and index. |
| 505 0# - FORMATTED CONTENTS NOTE |
| Formatted contents note |
An analytical framework for assessing norms, regional organisations, and the responsibility to protect -- Contextual analysis : regional approaches to security, sovereignty, and human rights -- The EU and R2P : from public endorsements to implementation? -- ECOWAS and R2P : West African inspirations of a global norm. |
| 520 ## - SUMMARY, ETC. |
| Summary, etc |
"This book studies regional approaches to the Responsibility to Protect (R2P) in Europe and West Africa. The work assesses how and to what extent the European Union (EU) and the Economic Community of West African States (ECOWAS) have internalised the norm, both generally, in institutions, policies, and programs and specifically, in crisis situations of R2P-concern, such as the 2011 Libyan crisis and 2012 Malian crisis. It provides a historical analysis of how the two regional organisations have dealt with questions of sovereignty, security, and human rights since their founding, as well as an analysis of some of the European and West African roots of the R2P norm. This reflects the notion that global norms are often informed by local and regional practices and that this needs to be recognised in order to fully understand regional responses to alleged global norms. The book uses process tracing to trace the regional internalisation of R2P and has benefited from qualitative research interviews with EU- and ECOWAS-stakeholders. One of the key findings is that ECOWAS and West Africa have delivered a key contribution to the norm construction of R2P, a finding insufficiently recognised in the current literature. This book will be of much interest to students of the Responsibility to Protect, EU human rights and foreign policy, African politics, security studies and International Relations in general"-- |
| Assigning source |
Provided by publisher. |
| 588 ## - SOURCE OF DESCRIPTION NOTE |
| Source of description note |
Description based on print version record; resource not viewed. |
| 600 ## - SUBJECT ADDED ENTRY--PERSONAL NAME |
| Source of heading or term |
|
| Personal name |
Humanitarian intervention |
| 610 10 - SUBJECT ADDED ENTRY--CORPORATE NAME |
| Corporate name or jurisdiction name as entry element |
Economic Community of West African States. |
| 650 #0 - SUBJECT ADDED ENTRY--TOPICAL TERM |
| Topical term or geographic name as entry element |
Responsibility to protect (International law) |
| Geographic subdivision |
European Union countries. |
| 650 #0 - SUBJECT ADDED ENTRY--TOPICAL TERM |
| Topical term or geographic name as entry element |
Responsibility to protect (International law) |
| Geographic subdivision |
Africa, West. |
| 650 #0 - SUBJECT ADDED ENTRY--TOPICAL TERM |
| Topical term or geographic name as entry element |
Human rights |
| Geographic subdivision |
European Union countries. |
| 650 #0 - SUBJECT ADDED ENTRY--TOPICAL TERM |
| Topical term or geographic name as entry element |
Human rights |
| Geographic subdivision |
Africa, West. |
| 776 08 - ADDITIONAL PHYSICAL FORM ENTRY |
| Relationship information |
Print Version: |
| Title |
Regional approaches to the responsibility to protect |
| Place, publisher, and date of publication |
Abingdon, Oxon [UK] ; New York, NY : Routledge, 2023. |
| International Standard Book Number |
9781032137636 |
| Record control number |
(DLC) 2022043922 |
| 906 ## - LOCAL DATA ELEMENT F, LDF (RLIN) |
| a |
0 |
| b |
cbc |
| c |
origcop |
| d |
1 |
| e |
ecip |
| f |
20 |
| g |
y-gencatlg |
| 942 ## - ADDED ENTRY ELEMENTS (KOHA) |
| Source of classification or shelving scheme |
Library of Congress Classification |
| Koha item type |
Books |